[Event "Chioggia op-B 03rd"]
[Site "Chioggia"]
[Date "2008.10.12"]
[Round "4"]
[White "Aprile, Martino"]
[Black "Grossrubatscher, Johann"]
[Result "0-1"]
[WhiteElo "1560"]
[BlackElo "1440"]
[PlyCount "116"]
[EventDate "2008.10.10"]
[EventType "swiss"]
[EventRounds "5"]
[EventCountry "ITA"]
[SourceTitle "EXT 2022"]
[Source "ChessBase"]
[SourceDate "2021.10.06"]
[SourceVersion "1"]
[SourceVersionDate "2021.10.06"]
[SourceQuality "1"]

1. e4 d5 2. exd5 Qxd5 3. Nc3 Qa5 4. Nf3 Nf6 5. d4 Bg4 6. Be2 c6 7. Ne5 Bf5 8. Nc4 Qd8 9. Be3 e6 10. a3 Be7 11. 0-0 Nbd7 12. f4 Qc7 13. Ne5 Nd5 14. Nxd5 exd5 15. Bg4 Bxg4 16. Qxg4 g6 17. Qxd7+ Qxd7 18. Nxd7 Kxd7 19. f5 f6 20. Rf2 Rae8 21. Bd2 Bd8 22. fxg6 hxg6 23. h3 Rh4 24. c3 Rhe4 25. Kf1 b6 26. Re1 c5 27. dxc5 bxc5 28. Rxe4 Rxe4 29. Re2 Kd6 30. Rxe4 dxe4 31. Ke2 c4 32. g4 Ke5 33. Kf2 f5 34. gxf5 Bh4+ 35. Kg2 gxf5 36. Be3 a6 37. Bd4+ Ke6 38. Bf2 Bxf2 39. Kxf2 a5 40. a4 Ke5 41. Kg3 f4+ 42. Kg4 f3 43. Kg3 Kf5 44. h4 Kg6 45. Kf2 Kh6 46. Kg3 Kh5 47. Kh3 e3 48. Kg3 e2 49. Kf2 Kxh4 50. Ke1 Kg3 51. Kd2 Kf2 52. b4 axb4 53. cxb4 e1Q+ 54. Kc2 Qxb4 55. Kc1 Ke3 56. a5 c3 57. a6 Qb2+ 58. Kd1 Qd2# 0-1

[Event "Chioggia op-B 03rd"]
[Site "Chioggia"]
[Date "2008.10.11"]
[Round "2"]
[White "Penzo, Martina"]
[Black "Grossrubatscher, Johann"]
[Result "0-1"]
[WhiteElo "1467"]
[BlackElo "1440"]
[PlyCount "62"]
[EventDate "2008.10.10"]
[EventType "swiss"]
[EventRounds "5"]
[EventCountry "ITA"]
[SourceTitle "EXT 2022"]
[Source "ChessBase"]
[SourceDate "2021.10.06"]
[SourceVersion "1"]
[SourceVersionDate "2021.10.06"]
[SourceQuality "1"]

1. f4 Nc6 2. Nf3 d5 3. e3 Bg4 4. Bb5 e6 5. Bxc6+ bxc6 6. 0-0 Nf6 7. b3 Be7 8. Bb2 0-0 9. d3 c5 10. Nbd2 a5 11. Qe1 Bh5 12. Ne5 Ra6 13. Qg3 Bg6 14. Nxg6 fxg6 15. Nf3 a4 16. a3 Rb6 17. Nd2 Qd7 18. Rfb1 Rfb8 19. Be5 R8b7 20. Qe1 Ng4 21. bxa4 Qxa4 22. Rxb6 cxb6 23. Qg3 Nh6 24. c4 Qc2 25. Qe1 Qxd3 26. cxd5 exd5 27. h3 Nf5 28. e4 Bh4 29. Qc1 Qe3+ 30. Kh1 Ng3+ 31. Kh2 Ne2 0-1